| 000 | 01518cam a22002415a 4500 | ||
|---|---|---|---|
| 001 | L135446 | ||
| 008 | 061026s2008 xxko f 001 0 eng u | ||
| 020 | _a9780632040254 | ||
| 035 | _a(Sirsi) u135446 | ||
| 050 | 0 | 4 | _a720.28 $2 22 |
| 100 | _aOrbasli, Aylin | ||
| 245 | 0 | 0 |
_aArchitectural conservation _bprinciples and practice |
| 260 |
_aOxford _bBlackwell Science Ltd _c2008 |
||
| 300 |
_axi, 227p. _ill. _c25cm. |
||
| 350 | _a29.99 | ||
| 505 | 2 | _aIntroduction -- International and historic context of conservation -- Theoretical framework and conservation principles -- Legislation, policy and guidance -- Managing conservation -- Causes of decay, environmental services and structures in conservation -- Conservation of materials -- Regeneration, reuse and design in the historic environment | |
| 520 | _aProvides a theoretical and practical introduction to the subject, aimed at students in the built environment and related disciplines. Considers conservation within the wider physical, social, historical and international context. Expounds recent theoretical and technical developments and debates. Illustrated with case studies from around the world. Considers legislation, conservation management, historic properties, causes of decay and material conservation. Also addresses issues of regeneration and building reuse. | ||
| 521 | 2 | _aAdvanced | |
| 590 | _aKA | ||
| 651 | 4 | _aInternational | |
| 690 | _aBUILT ENVIRONMENT-BUILDING MAINTENANCE AND REFURBISHMENT-BUILDING CONSERVATION | ||
| 942 | _n0 | ||
| 999 |
_c106065 _d106065 |
||